| 000 | 00516nam a22001937a 4500 | ||
|---|---|---|---|
| 999 |
_c6083 _d6083 |
||
| 003 | GBCCL | ||
| 005 | 20241126110555.0 | ||
| 008 | 180430b ||||| |||| 00| 0 eng d | ||
| 020 | _a9781888810417 | ||
| 040 | _cgbc | ||
| 082 |
_a262.1 _bWEB |
||
| 100 |
_aWebber, Malcolm _97029 |
||
| 245 |
_aLeading / _cMalcolm Webber |
||
| 260 |
_aElkhart: _bStrategic Press, _c2003 |
||
| 300 |
_a94 p.; _bill., _c23 cm. |
||
| 440 |
_aSpiritBuilt Leadership _v3 _910956 |
||
| 650 |
_aChristian Leadership _91568 |
||
| 942 |
_2ddc _cBK _01 |
||